000 00318nam a2200133Ia 4500
100 _aSyal/I.C./ Goel/A.K.
942 _cBK
654 _aReinforced Concrete Structures
245 _aReinforced Concrete Structures
260 _bA.H.Wheelar & Co
_aAllahabad
_c1988
300 _a635
546 _aENGLISH
999 _c18764
_d18764